Paroles - Niska - Chasse à l'homme - Statistiques

Statistiques générales
  • Ce quiz a été pris 600 fois
  • Le résultat moyen est 243 sur 481
Statistiques - réponses
Hint Réponse % Correct
la
96%
la
96%
La
96%
de
93%
le
92%
Le
92%
sur
91%
Sur
91%
les
89%
Les
89%
sauce
89%
début Salade
88%
sans
88%
tomate
88%
frites
87%
a
85%
à
85%
et
85%
ou
85%
85%
te
84%
oignons
83%
J'ai
82%
j'ai
82%
billets
81%
Billets
81%
Mets
81%
en
79%
En
79%
Tu
77%
tu
77%
pas
74%
plu
74%
quoi ?
74%
(quoi)
74%
Quoi
74%
(bâtard)
73%
banque
72%
ma
71%
Ma
71%
Il
70%
il
70%
plus
70%
veux
70%
10
69%
je
69%
Merco
69%
pognon
68%
trop
68%
verts
68%
dans
67%
du
67%
prix
67%
c'est
66%
C'est
66%
mis
66%
dit
65%
oranges
65%
moi
63%
bien
62%
ça
62%
faire
62%
l'élastique
62%
paye
62%
que
61%
blanche
60%
mon
60%
verte
60%
crime
59%
crise
59%
Y'avait
59%
On
59%
on
59%
combien
58%
(combien)
58%
Dieu
58%
fait
58%
merci
58%
temps
58%
n'a
57%
compris
56%
vas
56%
vie
55%
j'connais
54%
J'te
54%
faut
53%
qui
53%
Sale
53%
Balle
51%
pardon
51%
Pardon
51%
mère
50%
comme
49%
est
49%
météo
49%
ne
49%
un
49%
chatte
47%
Shoot!
47%
tête
47%
ménage
46%
Nicki
46%
cul
45%
Minaj
45%
(oui)
45%
pote
45%
prévu
45%
pétasse
44%
maîtresse
43%
faute
42%
vend
41%
(allô)
40%
Chérie
40%
j'suis
40%
J'suis
40%
moelleux
40%
part
40%
pour
40%
Pour
40%
l'averse
39%
l'oseille
39%
cartouches
38%
con
38%
(hein)
38%
travaille
38%
ravi
37%
d'la
37%
ils
37%
Ils
37%
j'fais
37%
phone
37%
t'a
37%
ta
37%
des
36%
l'argent
35%
quelque
35%
qu'est-ce
35%
coup
34%
fusil
34%
Si
34%
sonne
34%
Ramène
33%
(ramène)
33%
Dites-moi
32%
ennemis
32%
jamais
32%
ont
32%
Joue
31%
d'ma
31%
garde
31%
reviendront
31%
J'reçois
30%
Mais
29%
mais
29%
qu'la
29%
trap
29%
(voilà)
29%
refrain 1 | refrain 2 OG
28%
(ramasse)
28%
ton
28%
veulent
28%
d'fil
27%
vue
27%
m'la
26%
j'vois
25%
poucave
25%
avec
23%
(j'arrive)
23%
crois
22%
l'agent
22%
rien
21%
dope
20%
Igo
20%
leur
20%
manger
20%
monsieur
20%
Oh
20%
monte
18%
plan
18%
rentrer
18%
(ah bon)
16%
bail
16%
baiser
15%
(nan)
15%
Vive
15%
Bibi
14%
(c'est qui)
13%
nous
13%
vois
13%
(balance)
12%
banquière
12%
cagoule
12%
l'instant
12%
qu'c'est
12%
(tu veux savoir)
12%
volé
11%
(bendo)
10%
(biatch)
10%
kush
10%
l'bendo
10%
mama
10%
meilleur
10%
T'es
10%
(bang bang)
9%
veut
9%
parti
8%
d'file
7%
entière
7%
France
7%
(on vend la weed)
7%
toute
7%
casse
6%
devient
6%
frontière
6%
gamos
6%
guetteur
6%
parle
6%
premier
6%
violents
6%
(bouh bouh bouh)
5%
dealeur
5%
gars
5%
même
5%
passé
5%
(91)
4%
depuis
4%
effrayait
4%
Fonce
4%
j'habite
4%
l'blunt
4%
bails
3%
beaucoup
3%
cosa
3%
percé
3%
(ah oui oui)
2%
d'cousins
2%
qu'j'ai
2%
zer
2%
(boumin)
1%
coffrés
1%
l'coussin
1%
llet-bi
1%
Banlle
0%
Aucun quiz correspondant
Distribution des résultats
% des personnes avec chaque résultat
Percentile par nombre de réponses
Votre historique - résultats
Vous n’avez pas pris ce quiz